[Event "UZB-ch Men 2021"]
[Site "Tashkent"]
[Date "2021.04.24"]
[Round "8.4"]
[White "Abdisalimov, Abdimalik"]
[Black "Rakhmatullaev, Almas"]
[Result "1-0"]
[WhiteElo "2392"]
[BlackElo "2190"]
[Annotator "TA"]
[PlyCount "149"]
[EventDate "2021.04.17"]
[EventType "tourn"]
[EventCountry "UZB"]
[SourceTitle "playchess.com"]
[Source "ChessBase"]
[SourceQuality "1"]

{[%evp 16,149,27,29,57,45,65,63,60,45,41,30,44,45,62,67,67,67,68,68,73,61,63,58,64,53,108,100,112,101,89,89,111,102,111,79,91,75,98,88,83,67,103,115,100,121,107,109,168,166,170,173,258,109,90,98,109,90,116,116,131,56,50,22,22,22,22,22,22,22,22,22,22,22,22,22,22,22,22,22,22,22,22,22,76,77,61,22,59,51,43,44,41,22,637,589,1164,188,420,395,466,407,407,407,1346,1274,1302,1349,1270,1218,1102,1108,1081,1106,971,1040,984,958,822,808,806,760,950,923,983,955,29985,29986,29986,29987,29987,29988,29988,29982,29982,29983]} 1. d4 Nf6 2. c4 c6 3. Nc3 d5 4. cxd5 cxd5 5. Bf4 Nc6 6. e3 e6 7. Bd3 Bd6 8. Bxd6 Qxd6 9. f4 Nd7 {D10: Slav Defence: 3 cxd5 (without early Nf3) and 3 Nc3.} 10. Nf3 {[#]} f6 $146 ({Predecessor:} 10... f5 11. O-O O-O 12. Rc1 a6 13. Ne5 Ndxe5 14. fxe5 Qe7 15. Na4 Bd7 16. Nc5 Nb4 17. Nxd7 Qxd7 {½-½ (17) Splichal,S (2086)-Sedlacek,O (2215) Czech Republic 2019}) 11. O-O O-O {White is slightly better.} 12. Qb1 f5 13. Ne5 a6 14. Na4 Ncxe5 15. fxe5 Qb4 16. Qc2 b5 17. Nc3 Nb6 18. a3 Qe7 19. Ne2 Nc4 20. Qc1 Bb7 (20... Na5 $14) 21. b3 $16 Na5 22. Qc3 Nc6 23. b4 Rac8 {And now ...Nxe5! would win.} 24. Qd2 Nb8 25. a4 Bc6 26. axb5 Bxb5 27. Bxb5 axb5 28. Ra5 Nc6 29. Rxb5 Rb8 30. Rc5 Nxb4 31. Nf4 Qf7 (31... Rb7 $16) 32. Rb1 $18 Na6 33. Rxb8 Nxb8 {[#]} (33... Rxb8 $142 34. Rc1 Qd7) 34. Qa5 (34. h4 $1 $18) 34... g5 $16 {[#]} 35. Rc7 $1 Nd7 36. Nd3 {Black must now prevent Nc5.} f4 37. exf4 {Threatens to win with Qb5.} Qg6 38. Ne1 ({And not} 38. Rxd7 Qxd3 39. h3 (39. Qa1 $2 Qe3+ 40. Kh1 Rc8 $19) 39... Qe3+ 40. Kh2 Qxf4+ 41. Kh1 Qf1+ 42. Kh2 Qf4+ 43. Kh1 g4 $19) (38. Qa6 $16 Nb6 39. Nc5 (39. Qxb6 Qxd3 40. Qxe6+ Kh8 $11) 39... Qb1+ 40. Qf1 Qxf1+ 41. Kxf1 Rxf4+ 42. Kg1) 38... gxf4 $14 39. Nf3 Rf7 40. Rc8+ Nf8 41. Qb4 (41. h3 {is more complex.} h6 42. Qd8 Qb1+ 43. Kh2 Qg6 44. Rb8) 41... h6 42. h3 Kg7 43. Qd6 Qb1+ 44. Kh2 Qg6 45. Rb8 Kg8 46. Kg1 Kg7 47. Kh1 Kg8 48. Qd8 Qd3 49. Qh4 Rg7 {[#]} (49... Qg6 $11 {keeps the balance.}) 50. Rb2 $1 $16 Qe3 {...Qc1+ is the strong threat.} 51. Kh2 Rg6 52. Qe7 Rg7 53. Qf6 Rg6 54. Qd8 $36 {[%mdl 2048] Black is under pressure.} Qa3 $2 {[%mdl 8192] This move loses the game for Black.} (54... Rg7 $11) 55. Rb8 $18 Kf7 56. Qh4 $2 (56. Rb7+ Kg8 57. Qc7) 56... Qe7 $2 (56... Qe3 {was worth a try.} 57. Rb1 (57. Qd8 Rxg2+ 58. Kh1 Rg1+ 59. Nxg1 Qe4+ 60. Nf3 Qxf3+ {[%mdl 64] Double Attack} 61. Kh2 Qg3+ 62. Kh1 Qf3+ 63. Kh2 Qg3+ 64. Kh1 Qf3+ $11) 57... Qe4) 57. Qxf4+ Kg8 58. Nh4 Rg5 59. g4 Qg7 (59... Qf7 $142 60. Ng2 Qe7) 60. Kg3 Qf7 61. Qf6 Rg7 62. Qxh6 Qc7 63. Qxe6+ {[%mdl 64] Double Attack} Rf7 64. Qc8 Qa5 65. Qc1 Rc7 66. Qg5+ Rg7 67. Qe3 {aiming for Nf5.} Qa7 68. Rb1 Ne6 69. Nf5 Rc7 70. Rb3 Qa1 71. Rb8+ {White mates.} Kf7 72. Qf2 Qa3+ 73. Ne3+ Ke7 74. Qf6+ Kd7 75. Qf7+ {Weighted Error Value: White=0.23/Black=0.34} 1-0

[Event "UZB-ch Men 2021"]
[Site "Tashkent"]
[Date "2021.04.24"]
[Round "8.5"]
[White "Sindarov, Javokhir"]
[Black "Abdurakhmonov, Mukhammadali"]
[Result "1-0"]
[WhiteElo "2544"]
[BlackElo "2284"]
[Annotator "TA"]
[PlyCount "89"]
[EventDate "2021.04.17"]
[EventType "tourn"]
[EventCountry "UZB"]
[SourceTitle "playchess.com"]
[Source "ChessBase"]
[SourceQuality "1"]

{[%evp 12,89,8,10,18,0,2,0,0,0,7,2,10,0,17,7,49,46,49,37,29,0,48,15,26,33,31,30,40,39,83,79,132,127,129,118,125,114,137,130,140,167,152,157,161,162,133,130,178,222,201,189,186,173,226,207,231,225,343,319,339,322,353,344,353,358,379,332,332,245,232,193,217,177,203,191,289,283,409,408]} 1. e4 c5 2. Nf3 d6 3. Nc3 a6 4. d4 cxd4 5. Nxd4 Nf6 6. h3 e5 7. Nde2 h5 {B90: Sicilian Najdorf: Unusual White 6th moves, 6 Be3 Ng4 and 6 Be3 e5.} 8. Bg5 Be6 9. g3 Nbd7 {The position is equal. 9...Nbd7 scores better than 9...Be7.} 10. Bg2 Be7 11. a4 {[%cal Ba2a4,Ba4a5][%mdl 32]} Rc8 12. O-O O-O 13. Qd2 Qc7 (13... b5 $5) 14. a5 Rfd8 {[#]} 15. Rfc1 $146 ({Predecessor:} 15. Rfd1 Bc4 16. Bf3 g6 17. Kg2 b5 18. axb6 Nxb6 19. Bxf6 Bxf6 20. Qe3 Bg7 21. b3 Bxe2 22. Nxe2 {1-0 (29) Zawadzka,J (2430)-Majdan,J (2391) Wroclaw 2015}) 15... Nf8 16. Be3 N8d7 17. Nd5 Nxd5 18. exd5 Bf5 19. c4 Bg6 20. b4 h4 21. g4 Rf8 (21... Re8 $142) 22. c5 $1 $16 dxc5 23. d6 $1 {[%cal Rd6c7]} Bxd6 {Strongly threatening ...c4.} 24. Rd1 cxb4 25. Qxd6 b3 26. Qxd7 b2 27. Qxc7 bxa1=Q {[#]} 28. Qxf7+ $3 {[%mdl 512]} Rxf7 29. Rxa1 {Black must now prevent Bd5.} Rd7 30. Kh2 Rc2 31. Ng1 e4 32. Re1 Ra2 {[#]} (32... Bh7 {was necessary.} 33. Bb6 Rc4) 33. Bb6 $1 $18 Ra4 34. Ne2 Rc4 (34... e3 {keeps fighting.} 35. Bxe3 (35. fxe3 Rd2 $16) 35... Rxa5) 35. Nf4 Bh7 36. Ne6 Re7 37. Ng5 Bg6 38. Rd1 Kf8 39. Rd6 Be8 40. Ne6+ Kf7 41. Nd8+ Kg8 42. Re6 Rxe6 43. Nxe6 Bc6 {[#]} (43... Bf7 $142) 44. Nd4 $1 Bd5 (44... e3 $142 45. fxe3 Bxg2) 45. Nf5 {Weighted Error Value: White=0.09/Black=0.21} 1-0

[Event "UZB-ch Men 2021"]
[Site "Tashkent"]
[Date "2021.04.24"]
[Round "8.6"]
[White "Vakhidov, Jakhongir"]
[Black "Vokhidov, Shamsiddin"]
[Result "1-0"]
[WhiteElo "2533"]
[BlackElo "2529"]
[Annotator "TA"]
[PlyCount "93"]
[EventDate "2021.04.17"]
[EventType "tourn"]
[EventCountry "UZB"]
[SourceTitle "playchess.com"]
[Source "ChessBase"]
[SourceQuality "1"]

{[%evp 9,93,0,30,23,35,29,33,33,21,37,27,28,18,17,26,28,28,22,45,0,50,59,59,55,72,64,110,114,102,62,70,40,46,0,0,0,0,0,0,-79,0,0,40,33,26,16,28,0,0,0,14,-14,-10,-18,0,-89,-20,-33,-12,-51,0,0,59,65,107,107,158,129,124,166,187,138,559,568,763,725,735,410,1088,983,1077,1062,1032,876,1110,1065]} 1. c4 e5 2. Nc3 Nf6 3. Nf3 Nc6 4. e4 Bc5 5. Nxe5 O-O (5... Nxe5 $5 6. d4 $8 {[%mdl 64] Double Attack} Bb4 $11) 6. Nf3 {A28: English Opening: Four Knights Variation.} Nxe4 $1 7. Nxe4 Re8 8. d3 {White is slightly better.} f5 {[%mdl 64] [#] Pin} 9. Be2 $1 fxe4 10. dxe4 Qe7 11. O-O $36 {[%mdl 2048] White has the initiative.} d6 {[#]} (11... Qxe4 12. Ng5 $16) 12. b3 $146 ({Predecessor:} 12. h3 h6 13. a3 a5 14. Qc2 Bf5 15. exf5 Qxe2 16. Bd2 Qe4 17. Qxe4 {½-½ (17) Fedukin,A (2248)-Ananikian,A ICCF email 2013}) 12... Bg4 13. Nd2 Bd7 14. Bg4 Ne5 15. Bxd7 Qxd7 16. Qe2 Rf8 17. Bb2 Ng4 18. Nf3 Rae8 19. Rad1 Rf4 20. Qd2 Qf7 21. b4 Bxf2+ 22. Rxf2 Nxf2 23. Qxf2 Rfxe4 24. Nd2 (24. Qxa7 $11 Re2 25. Bd4 (25. Qd4 $2 R8e4 $19)) 24... Rf4 (24... Qxf2+ $17 25. Kxf2 Rf4+ 26. Nf3 Rxc4) 25. Qg3 $1 $11 h5 (25... Re2 {keeps more tension.} 26. Re1 Rff2 27. Rxe2 Rxe2 28. Bc3 Qe7) 26. Re1 Rxe1+ 27. Qxe1 b5 28. g3 (28. h3 {looks sharper.} a6 29. cxb5 Rxb4 30. Bc3 Rxb5 31. Nf3) 28... Rg4 29. Qf2 ({Reject} 29. cxb5 Rxb4 30. Bc1 Rxb5 $17) 29... bxc4 30. Qxf7+ (30. Qxa7 {is more complex.} h4 31. Qa8+ Kh7 32. Qf3 Qg6 33. Kf2) 30... Kxf7 31. Kf2 d5 32. Ke3 (32. Nf3 $11 {keeps the balance.} Ke7 33. Bd4) 32... Ke6 ({Better is} 32... Rg6 $17 33. a3 Re6+ 34. Kf2 Rb6) 33. Nf3 a6 34. a4 c6 ({Black should try} 34... g6 $15) 35. Kd2 a5 (35... h4 $11 36. Ne5 Rg5) 36. bxa5 $14 {Threatens to win with Bd4.} c5 37. Kc2 {aiming for a6.} Kd6 (37... c3 $142 38. Bxc3 Kf5) 38. Be5+ $1 $16 Ke7 {[#]} 39. Bc7 $1 {Strongly threatening Ne5.} ({Much worse is} 39. a6 $6 Rg6 $11) 39... Rg6 40. Bb6 Kd6 $2 {[%mdl 8192] Black cannot hold the game after this.} (40... Rf6 $16 41. Bxc5+ Kd7) 41. a6 $18 {[%cal Ba5a6,Ba6a7][%mdl 32] Black must now prevent a7.} Rf6 {[#]} 42. Ne5 {[%mdl 512]} Rf2+ (42... Kxe5 43. a7) 43. Kd1 {a7 is the strong threat.} Kxe5 (43... Rf1+ $142 44. Kc2 Ke6) 44. a7 {White is clearly winning.} Rf8 {[#]} 45. Bc7+ $1 Kd4 46. Bb8 Rf1+ 47. Ke2 {Weighted Error Value: White=0.25/Black=0.39} 1-0

[Event "UZB-ch Men 2021"]
[Site "Tashkent"]
[Date "2021.04.25"]
[Round "9.1"]
[White "Abdurakhmonov, Mukhammadali"]
[Black "Vakhidov, Jakhongir"]
[Result "0-1"]
[WhiteElo "2284"]
[BlackElo "2533"]
[Annotator "TA"]
[PlyCount "84"]
[EventDate "2021.04.17"]
[EventType "tourn"]
[EventCountry "UZB"]
[SourceTitle "playchess.com"]
[Source "ChessBase"]
[SourceQuality "1"]

{[%evp 10,84,47,48,36,40,52,40,39,-6,0,16,17,0,11,1,52,31,80,32,35,33,41,47,46,29,78,72,60,79,135,91,77,89,178,174,170,136,131,81,162,105,106,87,81,87,98,91,100,70,107,0,0,0,0,0,0,0,-1,-41,-41,-36,-38,-49,-41,-78,-82,-156,-160,-503,-322,-325,-336,-511,-475,-1000,-972]} 1. e4 c5 2. Nf3 g6 3. d4 cxd4 4. Nxd4 Bg7 5. c4 Qb6 6. Nb3 Qc7 {A40: Unusual replies to 1 d4.} 7. Be2 d6 8. O-O Nc6 {White is slightly better.} 9. Na3 {[#]} a6 $146 ({Predecessor:} 9... Nf6 10. Nb5 Qd8 11. Nc3 O-O 12. Be3 a5 13. Nd4 Nxd4 14. Bxd4 Be6 15. b3 Nd7 16. Bxg7 Kxg7 {½-½ (28) Velicka,P (2425)-Kislinsky,A (2502) Ceske Budejovice 2018}) 10. Nc2 Nf6 11. f3 $1 Nd7 12. Rb1 Nce5 (12... O-O $11) 13. Ne3 Nb6 {[%cal Re5c4]} 14. Nd5 Nxd5 15. cxd5 Qb6+ 16. Kh1 O-O 17. Bg5 Re8 18. Qd2 a5 19. Rbc1 f5 ({Black should try} 19... Bd7) 20. exf5 Bxf5 21. Nd4 Rac8 (21... Bd7 $16 {was worth a try.}) 22. Nxf5 $18 gxf5 23. b3 Qb4 24. Qe3 {And now a3! would win.} Kh8 {[#]} (24... Bf6 $16) 25. Rxc8 (25. f4 $1 $18 {[%cal Rf4e5]} Rxc1 26. Rxc1) 25... Rxc8 $16 26. Rc1 Rxc1+ 27. Qxc1 {Threatening mate with Qc8+.} Bf6 {aiming for ...Bxg5.} 28. Bh6 {[%cal Rc1c8]} Kg8 29. h3 {Black must now prevent f4.} (29. Qd2 {is interesting.} Kf7 30. h3 Ng6 31. Bd3 Bg7 32. Bg5) 29... Kf7 30. Bd2 (30. Qd2 $16) 30... Qd4 $11 31. Be3 Nd3 32. Qd2 (32. Bxd4 $2 {loses.} Nxc1 33. Bxf6 Kxf6 $19) 32... Qa1+ 33. Kh2 Nb4 34. f4 Bc3 35. Bh5+ Kf8 36. Qe2 Qe1 $1 $36 {[%mdl 2048] Black fights for an advantage.} 37. Qf3 Bd2 38. Bb6 {[#]} ({White should play} 38. Bf2 Qe4 39. g3) 38... Nxd5 $1 $17 {[%mdl 512]} 39. Bxa5 (39. Bf2 $17 Qe4 40. g3) 39... Nxf4 40. Bxd2 Qxd2 41. Kg3 (41. a4 $142) 41... e5 $19 42. h4 (42. Kh2 $142 e4 43. Qf1) 42... Qe1+ {Quite a comeback for Black.  Weighted Error Value: White=0.46/Black=0.21} 0-1

[Event "UZB-ch Men 2021"]
[Site "Tashkent"]
[Date "2021.04.25"]
[Round "9.2"]
[White "Rakhmatullaev, Almas"]
[Black "Sindarov, Javokhir"]
[Result "0-1"]
[WhiteElo "2190"]
[BlackElo "2544"]
[Annotator "TA"]
[PlyCount "114"]
[EventDate "2021.04.17"]
[EventType "tourn"]
[EventCountry "UZB"]
[SourceTitle "playchess.com"]
[Source "ChessBase"]
[SourceQuality "1"]

{[%evp 10,114,0,4,16,0,28,-36,-16,-65,-71,-94,-86,-90,-71,-153,-137,-144,-130,-115,-108,-107,-83,-147,-130,-169,-175,-193,-199,-202,-200,-202,-177,-202,-187,-204,-184,-187,-184,-245,-251,-257,-248,-250,-239,-258,-256,-243,-225,-238,-230,-235,-230,-279,-260,-360,-345,-334,-334,-286,-202,-202,-206,-195,-204,-417,-447,-440,-439,-402,-406,-591,0,0,0,0,0,-9,-9,-9,-9,-8,8,-120,-120,-29957,-11383,-29963,-29965,-29954,-29963,-29959,-12797,-1633,-1486,-29978,-29977,-29980,-29979,-29978,-29980,-29980,-29981,-29981,-29982,-29982,-29983]} 1. e4 c5 2. Nf3 g6 3. c3 d5 4. e5 Nc6 5. d4 cxd4 6. cxd4 Bg4 {B22: Sicilian: 2 c3.} 7. Nbd2 Qb6 {[#]} 8. a3 $146 (8. Bd3 $11) ({Predecessor:} 8. h3 Bxf3 9. Nxf3 e6 10. Bd3 Bb4+ 11. Kf1 h5 12. g3 Nh6 13. Kg2 O-O-O 14. a3 {1-0 (43) Zaitsev,M (2499)-Sundorf,J (2121) Dortmund 2011}) 8... Bh6 $15 {Black is slightly better.} 9. Nb3 Bxf3 10. gxf3 Bxc1 $1 11. Rxc1 e6 12. Bd3 (12. Qd3 $142) 12... Nge7 ({Not} 12... Nxd4 $2 13. Nxd4 Ne7 14. Qa4+ Kf8 15. Nb5 $18) 13. Rc3 O-O ({Wrong is} 13... Nxd4 $2 14. Nxd4 O-O 15. Be2 $18) 14. Bc2 f6 15. exf6 Rxf6 16. Re3 (16. h4 $142) 16... Na5 $17 17. Nc5 Qd6 18. O-O b6 19. Nd3 Nf5 20. Ne5 Nxe3 21. fxe3 Nc4 22. Nxc4 dxc4 23. Be4 Rc8 24. Qa4 (24. Qc1 {was worth a try.}) 24... Rf7 $19 25. Rc1 Rfc7 26. Rc3 e5 27. d5 Kg7 28. Kg2 Qd7 29. Rxc4 Qxa4 30. Rxa4 {[%mdl 4096] Endgame KRR-KRB} a5 31. Kg3 Rc1 32. b4 R8c4 33. Bd3 R4c3 34. Be4 Rxe3 {Threatens to win with ...Re2.} 35. bxa5 bxa5 36. Rxa5 Re2 $1 {Hoping for ...Rg1+.} 37. Ra7+ $2 (37. d6 {was the only defense.} Rg1+ 38. Kh3) 37... Kh6 $1 38. Re7 Rg1+ 39. Kh3 Kg5 40. Rxh7 (40. d6 {is a better defense.} Rd1 41. Rxe5+ Kf4 42. Re8) 40... Kf4 $2 ({Black should try} 40... Kf6 $1 $19 41. Rb7 Rgg2 42. Rb6+ Kf7 43. Rb7+ Kf6 44. Rb6+ Kf7 45. Rb7+ Kf6) 41. Rh4+ $1 $11 Ke3 42. Rg4 Rxg4 43. Kxg4 {KR-KB} Rg2+ 44. Kh3 $1 {[%cal Rh3g2]} Rg1 {Strongly threatening ...g5.} 45. d6 $1 Kf4 {...Rd1 is the strong threat.} 46. d7 (46. Bc2 $11 Rg5 47. d7 Rh5+ 48. Kg2) 46... Rd1 $17 47. Bc6 {[%mdl 8192] [#] Now White is beyond hope.} (47. Bxg6 $17 Rxd7 48. Be4) 47... Rd2 $1 48. a4 {[#]} g5 $1 49. d8=Q Rxd8 50. Kg2 Rd2+ (50... Rc8 $142 51. Bd5 Rc2+ 52. Kg1 Rb2 53. Bc6 Rb6 54. Bd5 Ra6 55. Kf1 Rxa4 56. Kg2 Rd4 57. Bc6 Rd2+ 58. Kf1 Ke3 59. Bb7 Rf2+ 60. Kg1 Rxf3 61. Kg2 Rf4 62. Bd5 e4 63. Bg8 Kd2 64. Bc4 e3 65. Bb5 e2 66. Bxe2 Kxe2 67. Kg3 Rb4 68. Kh3 Ke3 69. Kg2 Kf4 70. Kh3 g4+ 71. Kg2 Rb2+ 72. Kf1 Ke3 73. h4 gxh3 74. Kg1 Kf3 75. Kh1 Kg3 76. Kg1 Rb1#) 51. Kg1 $19 Rc2 52. Be4 Rc4 {Black mates.} 53. Kf2 Rxa4 54. Bd5 Rd4 55. Bc6 Rd2+ 56. Kg1 Ke3 57. Bb7 Rf2 {Weighted Error Value: White=0.55/Black=0.18} 0-1

[Event "UZB-ch Men 2021"]
[Site "Tashkent"]
[Date "2021.04.25"]
[Round "9.3"]
[White "Madaminov, Mukhiddin"]
[Black "Abdisalimov, Abdimalik"]
[Result "0-1"]
[WhiteElo "2258"]
[BlackElo "2392"]
[Annotator "RC"]
[PlyCount "162"]
[EventDate "2021.04.17"]
[EventType "tourn"]
[EventCountry "UZB"]
[SourceTitle "playchess.com"]
[Source "ChessBase"]
[SourceQuality "1"]
[TimeControl "5400+30"]

1. e4 {[%emt 0:00:40]} c5 {[%emt 0:00:00]} 2. Nf3 {[%emt 0:00:07]} d6 {[%emt 0:00:00]} 3. Bb5+ {[%emt 0:01:04]} Nd7 {[%emt 0:00:00]} 4. O-O {[%emt 0:00:39]} a6 {[%emt 0:00:00]} 5. Bd3 {[%emt 0:00:13]} Ngf6 {[%emt 0:00:00]} 6. Re1 {[%emt 0:00:11]} g6 {[%emt 0:00:00]} 7. c3 {[%emt 0:02:00]} b5 {[%emt 0:01:22]} 8. Bc2 {[%emt 0:02:00]} Bg7 {[%emt 0:00:08]} 9. d4 {[%emt 0:01:16]} cxd4 {[%emt 0:00:03]} 10. cxd4 {[%emt 0:00:20]} O-O {[%emt 0:00:07]} 11. Nbd2 {[%emt 0:12:55]} Bb7 {[%emt 0:00:09]} 12. Nb3 {[%emt 0:00:14]} Rc8 {[%emt 0:08:20]} 13. Bd2 {[%emt 0:01:16]} Nb6 {[%emt 0:00:08]} 14. Ba5 {[%emt 0:06:22]} Nfd7 {[%emt 0:00:19]} 15. a4 {[%emt 0:06:55]} Qe8 {[%emt 0:01:35]} 16. axb5 {[%emt 0:01:47]} axb5 {[%emt 0:00:06]} 17. Nbd2 {[%emt 0:00:23]} Nc4 {[%emt 0:06:45]} 18. Nxc4 {[%emt 0:02:28]} bxc4 {[%emt 0:00:04]} 19. Qe2 {[%emt 0:10:15]} Nf6 {[%emt 0:12:48]} 20. Bc3 {[%emt 0:07:17]} Qb5 {[%emt 0:01:16]} 21. Ra5 {[%emt 0:11:20]} Qb6 {[%emt 0:02:10]} 22. Rea1 {[%emt 0:00:11]} d5 {[%emt 0:04:38]} 23. e5 {[%emt 0:00:36]} Nd7 {[%emt 0:01:37]} 24. h4 {[%emt 0:00:15]} Ra8 {[%emt 0:00:38]} 25. h5 {[%emt 0:01:15]} Rxa5 {[%emt 0:00:12]} 26. Rxa5 {[%emt 0:00:01]} Ra8 {[%emt 0:00:44]} 27. Rxa8+ {[%emt 0:01:19]} Bxa8 {[%emt 0:00:04]} 28. Ng5 {[%emt 0:06:47]} Nf8 {[%emt 0:01:53]} 29. hxg6 {[%emt 0:03:00]} hxg6 {[%emt 0:00:13]} 30. f4 {[%emt 0:01:01]} Bb7 {[%emt 0:05:36]} 31. f5 {[%emt 0:03:41]} f6 {[%emt 0:03:53]} 32. Nf3 {[%emt 0:02:06]} Bc8 {[%emt 0:01:53]} 33. exf6 {[%emt 0:04:33]} Qxf6 {[%emt 0:09:05]} 34. fxg6 {[%emt 0:01:07]} Bg4 {[%emt 0:00:12]} 35. Qe5 {[%emt 0:10:49]} Qe6 {[%emt 0:07:26]} 36. Qg5 {[%emt 0:01:02]} Bf6 {[%emt 0:00:06]} 37. Qf4 {[%emt 0:00:20]} Qe2 {[%emt 0:00:50]} 38. g7 {[%emt 0:00:41]} Bxg7 {[%emt 0:00:54]} 39. Qxg4 {[%emt 0:00:21]} Qxc2 {[%emt 0:00:01]} 40. Ne5 {[%emt 0:00:15]} Qc1+ {[%emt 0:02:32]} 41. Kf2 {[%emt 0:00:24]} Qh6 {[%emt 0:00:18]} 42. Ke2 {[%emt 0:00:45]} Ne6 {[%emt 0:00:23]} 43. g3 {[%emt 0:00:45]} Qf6 {[%emt 0:03:27]} 44. Nf3 {[%emt 0:00:31]} Nf8 {[%emt 0:00:33]} 45. Ne5 {[%emt 0:00:08]} Ne6 {[%emt 0:07:22]} 46. Nf3 {[%emt 0:00:14]} Qh6 {[%emt 0:00:47]} 47. Bd2 {[%emt 0:00:14]} Qf6 {[%emt 0:00:47]} 48. Bc3 {[%emt 0:00:46]} Nf8 {[%emt 0:03:13]} 49. Ne5 {[%emt 0:00:10]} e6 {[%emt 0:01:27]} 50. Bb4 {[%emt 0:00:39]} Qf5 {[%emt 0:00:14]} 51. Qxf5 {[%emt 0:00:41]} exf5 {[%emt 0:00:01]} 52. Nc6 {[%emt 0:00:15]} Ng6 {[%emt 0:01:58]} 53. Bc5 {[%emt 0:00:23]} Kf7 {[%emt 0:00:06]} 54. Nd8+ {[%emt 0:00:10]} Kf6 {[%emt 0:00:00]} 55. Bd6 {[%emt 0:01:08]} Bh6 {[%emt 0:00:15]} 56. Kd1 {[%emt 0:00:42]} Be3 {[%emt 0:00:02]} 57. Nc6 {[%emt 0:00:46]} Ke6 {[%emt 0:01:34]} 58. Bb8 {[%emt 0:00:30]} Nf8 {[%emt 0:00:05]} 59. Be5 {[%emt 0:00:39]} Nd7 {[%emt 0:00:44]} 60. Nd8+ {[%emt 0:00:13]} Ke7 {[%emt 0:00:02]} 61. Nc6+ {[%emt 0:00:15]} Kf7 {[%emt 0:03:14]} 62. Nd8+ {[%emt 0:00:13]} Kg6 {[%emt 0:01:35]} 63. Nc6 {[%emt 0:01:25]} Nxe5 {[%emt 0:00:23]} 64. Nxe5+ {[%emt 0:00:30]} Kg5 {[%emt 0:02:54]} 65. Nc6 {[%emt 0:00:08]} Kf6 {[%emt 0:00:01]} 66. Kc2 {[%emt 0:00:48]} Bf2 {[%emt 0:00:05]} 67. b3 {[%emt 0:00:33]} cxb3+ {[%emt 0:00:08]} 68. Kxb3 {[%emt 0:00:04]} Bxg3 {[%emt 0:00:04]} 69. Kb4 {[%emt 0:00:58]} f4 {[%emt 0:00:40]} 70. Ne5 {[%emt 0:00:24]} Kf5 {[%emt 0:00:02]} 71. Kc5 {[%emt 0:00:10]} Ke4 {[%emt 0:00:01]} 72. Nf7 {[%emt 0:00:34]} Bh4 {[%emt 0:04:32]} 73. Nd6+ {[%emt 0:00:18]} Kd3 {[%emt 0:00:01]} 74. Nf7 {[%emt 0:00:28]} Bf6 {[%emt 0:00:18]} 75. Ne5+ {[%emt 0:00:50]} Ke4 {[%emt 0:01:25]} 76. Kd6 {[%emt 0:00:34]} Kxd4 {[%emt 0:00:12]} 77. Nf3+ {[%emt 0:00:25]} Ke3 {[%emt 0:00:10]} 78. Nh2 {[%emt 0:00:19]} Ke4 {[%emt 0:01:50]} 79. Nf1 {[%emt 0:00:52]} d4 {[%emt 0:00:18]} 80. Kc5 {[%emt 0:00:04]} Kd3 {[%emt 0:00:15]} 81. Kd5 {[%emt 0:00:18]} Ke2 {[%emt 0:11:17]} 0-1

[Event "UZB-ch Men 2021"]
[Site "Tashkent"]
[Date "2021.04.25"]
[Round "9.4"]
[White "Yakubboev, Nodirbek"]
[Black "Saydaliev, Saidakbar"]
[Result "0-1"]
[WhiteElo "2605"]
[BlackElo "2385"]
[Annotator "TA"]
[PlyCount "118"]
[EventDate "2021.04.17"]
[EventType "tourn"]
[EventCountry "UZB"]
[SourceTitle "playchess.com"]
[Source "ChessBase"]
[SourceQuality "1"]

{[%evp 16,118,52,47,57,59,58,48,62,69,69,55,65,68,129,116,122,124,131,91,99,91,70,34,45,41,41,18,16,0,0,0,0,0,6,0,0,0,0,0,0,0,0,0,0,0,0,0,0,0,0,-246,-252,-249,-237,-234,-247,-252,-252,-246,-250,-248,-246,-245,-198,-270,-269,-266,-253,-276,-276,-276,-276,-402,-402,-402,-398,-351,-350,-346,-322,-402,-402,-4752,-4689,-4616,-4616,-4616,-835,-2345,-2216,-1679,-1634,-1032,-787,-5513,-5506,-5506,-5491,-5491,-5491,-5491,-4998,-4638,-591]} 1. e4 c5 2. Nf3 g6 3. c3 Bg7 4. d4 cxd4 5. cxd4 d5 6. e5 Nc6 7. Bb5 Bg4 8. Bxc6+ bxc6 9. Nbd2 {[%cal Bb1d2,Bd2f3,Bf3e5][%mdl 32]} f6 {B27: Sicilian: 2 Nf3, unusual Black 2nd moves.} 10. h3 Bxf3 11. Nxf3 fxe5 {White is slightly better.} 12. Nxe5 {[#]} Qa5+ $146 ({Predecessor:} 12... Bxe5 13. dxe5 Qa5+ 14. Bd2 Qa6 15. h4 e6 16. Qg4 c5 17. h5 Ne7 18. hxg6 Kd7 19. Rxh7 Rxh7 20. gxh7 Qd3 21. Qg7 Qe4+ 22. Kd1 Qf4 {1-0 (22) Okhotnik,V (2442)-De Haro,M (2002) Acqui Terme 2015}) 13. Bd2 Qb5 14. Rc1 Qxb2 ({Better is} 14... Nh6 $14) 15. Nxc6 Nf6 16. O-O {Hoping for Nxe7!} O-O 17. Rc2 Qb7 18. Qb1 Qd7 19. f3 Nh5 20. Re1 e6 21. Qb3 Ng3 22. Ne5 Bxe5 23. dxe5 Rac8 24. Rb2 Rc4 25. Reb1 Qc7 26. Qe3 {aiming for Rb7.} Nf5 27. Qe1 Rc2 28. Kh1 d4 29. Rb7 Qc4 30. Rxa7 Rxa2 31. Rb4 Qc2 32. Rxa2 Qxa2 33. Qc1 $2 {Black converts the advantage convincingly.} (33. Kh2 $11) 33... Ng3+ $19 34. Kh2 {[#]} Qxd2 $1 {[%mdl 576] Deflection, Decoy} 35. Qxd2 Nf1+ {[%mdl 64] Double Attack} 36. Kg1 {Threatening mate with Qh6.} Nxd2 37. Rxd4 {[%mdl 4096] Endgame KRN-KR} Nb3 38. Rd6 Re8 39. Kf2 Kf7 40. h4 (40. Ke3 $142) 40... Re7 41. Ke3 Rc7 42. g4 Nc5 43. f4 Nd7 44. h5 (44. Ra6 $142) 44... gxh5 45. gxh5 Ke7 46. Kf3 Rc3+ 47. Kg2 Nc5 48. Rd4 Re3 49. Rc4 (49. Rd1 $142) 49... Nd3 {Black is clearly winning.} 50. Rd4 Kf7 51. Rd7+ Kg8 52. h6 Nxf4+ 53. Kf2 Rxe5 54. Rg7+ Kf8 55. Rxh7 Rh5 56. Kf3 Nd5 57. Rh8+ Kf7 58. Kg4 Nf6+ 59. Kf4 Kg6 {Weighted Error Value: White=0.61/Black=0.03} 0-1